An Illustrated Manual of Pacific Coast Trees (Record no. 591703)

MARC details
000 -LEADER
fixed length control field 00456nam a2200145Ia 4500
008 - FIXED-LENGTH DATA ELEMENTS--GENERAL INFORMATION
fixed length control field 100415s9999 xx 000 0 und d
082 ## - DEWEY DECIMAL CLASSIFICATION NUMBER
Item number 8762
Classification number 581.5
100 ## - MAIN ENTRY--PERSONAL NAME
Personal name Mcminn Howard E
245 ## - TITLE STATEMENT
Title An Illustrated Manual of Pacific Coast Trees
260 ## - PUBLICATION, DISTRIBUTION, ETC. (IMPRINT)
Place of publication, distribution, etc BERKELEY
Date of publication, distribution, etc 1946
Name of publisher, distributor, etc UNIVERSITY OF CALIFORNIA PRESS
365 ## - TRADE PRICE
Price amount 0
630 ## - SUBJECT ADDED ENTRY--UNIFORM TITLE
Uniform title An Illustrated Manual of Pacific Coast Trees
730 ## - ADDED ENTRY--UNIFORM TITLE
Uniform title An Illustrated Manual of Pacific Coast Trees
942 ## - ADDED ENTRY ELEMENTS (KOHA)
Koha item type Book
Holdings
Withdrawn status Lost status Damaged status Not for loan Home library Current library Date acquired Cost, normal purchase price Total Checkouts Full call number Barcode Date last seen Price effective from Koha item type
        Bombay Natural History Society Bombay Natural History Society 10/03/1997 0.00   581.5 8762 BNHS-8762 04/15/2010 04/15/2010 Book